| 000 | 00457cam a2200157 a 4500 | ||
|---|---|---|---|
| 020 | _a0340543787 | ||
| 082 | 0 | 0 |
_a620.0042 _bSTA _cL-21, P-10 |
| 100 | 1 |
_aStarkey, C. V. _940544 |
|
| 245 | 1 | 0 |
_aEngineering design decisions / _cC. V. Starkey. |
| 260 |
_aLondon : _bE. Arnold, _c1992. |
||
| 300 |
_aix, 222 p. : _bill. ; _c24 cm. |
||
| 526 |
_a0 _b0 _c0 _d620_004200000000000_STA |
||
| 650 | 0 |
_aEngineering design. _919438 |
|
| 650 | 0 |
_aMCE _9379 |
|
| 942 |
_2ddc _cBK |
||
| 999 |
_c544801 _d544801 |
||